000 00314nam a22001337a 4500
008 170414b xxu||||| |||| 00| 0 eng d
020 _a9780721601793
041 _aeng
080 _24 ED
_a618
100 _a10
101 _aSHM
245 _aESSENTIAL OBSTETRICS AND GYNECOLOGY
_cHACKER.N.E
942 _2udc
_cBK
999 _c10801
_d10801